Players with 350+ matches for one club (2000-) - Statistics

General Stats
  • This quiz has been taken 8 times
  • The average score is 81 of 89
Answer Stats
Rank Player Positions Nationality Club Matches Goals (assists) Period % Correct
62 Aleksey Berezutskiy CB 377 11 (8) 2001-2009, 2002-2009, 2004-2009, 2008-2009, 2010-2018
100%
25 Andoni Iraola RB 442 35 (37) 2003-2015
100%
81 Andrea Consigli GK 362 0 (0) 2014-2024
100%
23 Andrés Iniesta CM 445 35 (85) 2002-2018
100%
37 Anthony Lopes GK 414 0 (2) 2012-2024
100%
40 Antonio Di Natale ST 406 202 (64) 2004-2016
100%
84 Bastian Schweinsteiger CM 354 45 (71) 2002-2015
100%
64 Carles Puyol CB 377 13 (12) 2000-2014
100%
77 César Azpilicueta CB 366 10 (36) 2012-2023
100%
10 Daniele De Rossi DM 490 46 (51) 2002-2019
100%
24 David de Gea GK 443 0 (1) 2011-2023
100%
21 Fernando Muslera GK 455 2 (2) 2011-2025
100%
18 Francesco Totti CF 462 212 (118) 2000-2017
100%
26 Frank Lampard CM 442 149 (102) 2001-2014
100%
43 Gerard Piqué CB 402 31 (8) 2008-2023
100%
8 Gianluigi Buffon GK 498 0 (0) 2001-2006, 2007-2018, 2019-2021
100%
39 Giorgio Chiellini CB 406 26 (21) 2005-2006, 2007-2022
100%
88 Harry Kane ST 352 228 (55) 2011-2023
100%
80 Heung-min Son LW 362 137 (83) 2015-2025
100%
48 Hugo Lloris GK 393 0 (0) 2012-2023
100%
57 Iago Aspas ST 383 168 (71) 2012-2013, 2015-2025
100%
1 Igor Akinfeev GK 649 0 (3) 2002-2009, 2004-2009, 2008-2009, 2010-2025
100%
13 Iker Casillas GK 483 0 (0) 2000-2015
100%
15 Iker Muniain AM 477 62 (57) 2009-2024
100%
35 Iñaki Williams RW 415 94 (57) 2014-2025
100%
20 Jamie Carragher CB 459 1 (12) 2000-2013
100%
87 Jamie Vardy ST 352 147 (50) 2014-2023, 2024-2025
100%
69 Jan Oblak GK 375 0 (1) 2014-2025
100%
14 Javier Zanetti RB 481 4 (16) 2000-2014
100%
2 Jesús Navas RB 578 27 (99) 2003-2013, 2017-2025
100%
27 Joaquín RW 439 55 (63) 2001-2006, 2015-2023
100%
9 John Terry CB 497 44 (16) 2000-2017
100%
72 Jordan Henderson DM 374 30 (46) 2011-2023
100%
51 Jussi Jääskeläinen GK 390 0 (2) 2001-2012
100%
28 Karim Benzema ST 439 238 (110) 2009-2023
100%
4 Koke CM 513 40 (97) 2009-2025
100%
76 Leighton Baines LB 367 30 (60) 2007-2020
100%
74 Leonardo Bonucci CB 371 30 (6) 2010-2017, 2018-2023
100%
71 Leon Osman CM 374 47 (29) 2002-2016
100%
3 Lionel Messi RW 520 474 (216) 2004-2021
100%
38 Loïc Perrin CB 407 28 (15) 2004-2020
100%
68 Lorenzo Insigne LW 376 102 (85) 2009-2010, 2012-2022
100%
45 Luka Modrić CM 394 30 (66) 2012-2025
100%
75 Manuel Neuer GK 367 0 (0) 2011-2025
100%
54 Marcelo LB 386 26 (72) 2006-2022
100%
22 Marek Hamsik CM 446 108 (89) 2007-2019
100%
33 Mark Noble CM 423 48 (40) 2005-2011, 2012-2022
100%
53 Mats Hummels CB 386 32 (18) 2007-2016, 2019-2024
100%
50 Maximilian Arnold CM 392 45 (50) 2011-2025
100%
66 Oliver Baumann GK 377 0 (3) 2014-2025
100%
11 Óscar de Marcos RB 489 31 (55) 2009-2025
100%
73 Roman Weidenfeller GK 371 0 (1) 2002-2018
100%
65 Rui Patrício GK 377 0 (2) 2006-2018
100%
56 Ryan Giggs LM 384 54 (107) 2000-2014
100%
41 Samir Handanovič GK 403 0 (0) 2012-2023
100%
63 Séamus Coleman RB 377 24 (26) 2009-2025
100%
12 Sergio Busquets DM 488 12 (35) 2008-2023
100%
17 Sergio Ramos CB 469 72 (30) 2005-2021
100%
60 Stefan Kießling ST 380 139 (63) 2006-2018
100%
47 Ștefan Radu LB 393 6 (21) 2007-2023
100%
5 Steve Mandanda GK 513 0 (0) 2007-2016, 2017-2022
100%
7 Steven Gerrard CM 500 129 (111) 2000-2015
100%
6 Thomas Müller CF 503 150 (211) 2008-2025
100%
61 Tim Howard GK 380 1 (2) 2006-2016
100%
36 Vasiliy Berezutskiy CB 415 11 (18) 2001-2009, 2004-2009, 2008-2009, 2010-2018
100%
49 Víctor Valdés GK 392 0 (1) 2002-2014
100%
32 Volkan Demirel GK 426 0 (1) 2002-2019
100%
42 Wayne Rooney ST 403 188 (105) 2004-2017
100%
16 Xavi CM 477 58 (130) 2000-2015
100%
79 Christian Günter LB 362 13 (55) 2012-2015, 2016-2025
80%
46 Luisão CB 393 31 (11) 2003-2018
80%
52 Manu Trigueros CM 390 26 (31) 2013-2024
80%
82 Mario Gaspar CB 356 10 (22) 2008-2009, 2010-2012, 2013-2022
80%
30 Markel Susaeta RW 430 46 (72) 2007-2019
80%
29 Olivier Deschacht CB 433 8 (22) 2001-2018
80%
70 Patrick Herrmann RW 374 52 (60) 2009-2024
80%
34 Sergey Ignashevich CB 421 39 (16) 2003-2009, 2004-2009, 2008-2009, 2010-2018
80%
19 Sergio Pellissier ST 460 112 (36) 2002-2007, 2008-2019
80%
58 Xabi Prieto AM 383 53 (50) 2003-2007, 2010-2018
80%
78 Angelo Palombo DM 366 11 (22) 2003-2011, 2012-2017
60%
86 David Albelda DM 354 8 (11) 2000-2013
60%
31 Patxi Puñal DM 430 24 (30) 2001-2014
60%
85 Ulrich Ramé GK 354 0 (2) 2000-2011
60%
83 Vyacheslav Malafeev GK 356 0 (0) 1999-2009, 2002-2009, 2004-2009, 2007-2009, 2010-2015
60%
44 Killian Overmeire DM 394 12 (10) 2003-2019
20%
59 Necip Uysal CB 381 4 (16) 2009-2025
20%
67 Sabri Sarıoğlu RB 376 16 (39) 2002-2017
20%
55 Sammy Bossut GK 385 0 (5) 2006-2020, 2021-2023
20%
89 Tarantini CM 350 24 (16) 2008-2021
20%
No matching quizzes found
Score Distribution
Percent of People with Each Score
Percentile by Number Answered
Your Score History
You have not taken this quiz